India's economic growth : (Record no. 104567)

MARC details
000 -LEADER
fixed length control field 00758nam a22002177a 4500
005 - DATE AND TIME OF LATEST TRANSACTION
control field 20161110114210.0
010 ## - LCCN (DPL NO)
LC control number ENG-116502
020 ## - INTERNATIONAL STANDARD BOOK NUMBER
International Standard Book Number 9789350980408
Terms of availability 850.00
035 ## - SYSTEM CONTROL NUMBER
System control number EN-100034
037 ## - SOURCE OF ACQUISITION
Source of stock number/acquisition DBAD/PUB
082 ## - DEWEY DECIMAL CLASSIFICATION NUMBER
Classification number 337.54
245 ## - TITLE STATEMENT
Title India's economic growth :
Statement of responsibility, etc edited by Mallika Joseph [and] Happymon Jacob
Remainder of title Instituteions,strategic culture and security policies /
260 ## - PUBLICATION, DISTRIBUTION, ETC. (IMPRINT)
Place of publication, distribution, etc New Delhi
Name of publisher, distributor, etc Manohar Publisher & Distributors
Date of publication, distribution, etc 2014
270 ## - ADDRESS
Address 4753/23 Ansari Road,Daryaganj
City New Delhi
Postal code 110002
300 ## - PHYSICAL DESCRIPTION
Extent 354p.
Dimensions 22cm (Hb)
490 ## - SERIES STATEMENT
Series statement Australia India Institute Foreign Policy Series-5
500 ## - GENERAL NOTE
General note Includes index
700 ## - ADDED ENTRY--PERSONAL NAME
Personal name Joseph, Mallika
700 ## - ADDED ENTRY--PERSONAL NAME
Personal name Happymon, Jacob
942 ## - ADDED ENTRY ELEMENTS (KOHA)
Source of classification or shelving scheme Dewey Decimal Classification
Item type English Books
Classification part 377.54
Call number suffix IND
Holdings
Withdrawn status Lost status Not for loan Collection code Home library Current library Date acquired Source of acquisition Cost, normal purchase price Full call number Barcode Copy number Cost, replacement price Koha item type
    Not For Loan Non-fiction D.B.Act.Division Bawana 10/11/2016 DBAD/PUB 850.00 377.54 IND EN-100034 1 850.00 English Books

© Delhi Public Library
Hit Counter
free hit counter